书目信息 |
| 题名: |
历史的慰藉
|
|
| 作者: | 杜君立 著 | |
| 分册: | ||
| 出版信息: | 北京 华文出版社 2015 |
|
| 页数: | 15,357页 | |
| 开本: | 23cm | |
| 丛书名: | ||
| 单 册: | ||
| 中图分类: | K207-53 | |
| 科图分类: | ||
| 主题词: | 中国历史--Zhong Guo Li Shi--文集 | |
| 电子资源: | ||
| ISBN: | 978-7-5075-4335-3 | |
| 000 | 00895nam0 22002411 450 | |
| 001 | 350332 | |
| 005 | 20161010152708.62 | |
| 010 | @a978-7-5075-4335-3@dCNY48.00 | |
| 100 | @a20150922d2015 em y0chiy50 ea | |
| 101 | 0 | @achi |
| 102 | @aCN@b110000 | |
| 105 | @aa z 000yy | |
| 106 | @ar | |
| 200 | 1 | @a历史的慰藉@ALi Shi De Wei Ji@dThe consolations of history@f杜君立[著]@zeng |
| 210 | @a北京@c华文出版社@d2015 | |
| 215 | @a15,357页@c图@d23cm | |
| 330 | @a本书为杜君立先生之历史文集,共收录中短篇历史随笔一十二篇。这些文章多以专题史形式,揭示了历史中的普通个体所面对的自由、权力和生存问题;由古而今,以小见大,既展现了历史最亲近的温度,又挖掘出历史最有趣的真实。 | |
| 510 | 1 | @aConsolations of history@zeng |
| 606 | 0 | @a中国历史@AZhong Guo Li Shi@j文集 |
| 690 | @aK207-53@v5 | |
| 701 | 0 | @a杜君立@ADu Jun Li@4著 |
| 801 | 0 | @aCN@bTANGWEI@c20160803 |
| 905 | @b0889495-9@dK207-53@e102@f5 | |
| 历史的慰藉=The consolations of history/杜君立[著].-北京:华文出版社,2015 |
| 15,357页:图;23cm |
| ISBN 978-7-5075-4335-3:CNY48.00 |
| 本书为杜君立先生之历史文集,共收录中短篇历史随笔一十二篇。这些文章多以专题史形式,揭示了历史中的普通个体所面对的自由、权力和生存问题;由古而今,以小见大,既展现了历史最亲近的温度,又挖掘出历史最有趣的真实。 |
| ● |
| 相关链接 |
|
|
|
|
正题名:历史的慰藉
索取号:K207-53/102
 
预约/预借
| 序号 | 登录号 | 条形码 | 馆藏地/架位号 | 状态 | 备注 |
| 1 | 0889495 | 208894954 | 第二样本阅览室/ [索取号:K207-53/102] | 在馆 | |
| 2 | 0889496 | 208894963 | 第二借阅区/ [索取号:K207-53/102] | 在馆 | |
| 3 | 0889497 | 208894972 | 第二借阅区/ [索取号:K207-53/102] | 在馆 | |
| 4 | 0889498 | 208894981 | 第二借阅区/ [索取号:K207-53/102] | 在馆 | |
| 5 | 0889499 | 208894990 | 第二借阅区/ [索取号:K207-53/102] | 在馆 |